header

Rethinking ghosts in world religions (Record no. 42272)

MARC details
000 -LEADER
fixed length control field 02663nam a2200385 a 4500
082 04 - DEWEY DECIMAL CLASSIFICATION NUMBER
Classification number 202/.15
245 00 - TITLE STATEMENT
Title Rethinking ghosts in world religions
260 ## - PUBLICATION, DISTRIBUTION, ETC. (IMPRINT)
Place of publication Leiden ;
-- Boston :
Name of publisher Brill,
Year of publication 2009.
300 ## - PHYSICAL DESCRIPTION
Number of Pages xvi, 342 p.
490 1# - SERIES STATEMENT
Series statement Numen book series. Studies in the history of religions,
500 ## - GENERAL NOTE
General note Proceedings of a conference held in Dec. 2005.
650 #0 - SUBJECT ADDED ENTRY--TOPICAL TERM
Topical Term Ghosts
Topical Term Spirits
Topical Term Religions
700 1# - ADDED ENTRY--PERSONAL NAME
Personal name Pu, Muzhou.
856 40 - ELECTRONIC LOCATION AND ACCESS
Uniform Resource Identifier http://site.ebrary.com/lib/rucke/Doc?id=10349184

No items available.

© 2026 Rongo University
Contact us: librarian | system librarian | Rongo university